[Event "CAN-ch U20 U1800"]
[Site "Toronto CAN"]
[Date "2023.07.09"]
[Round "8.13"]
[White "Patil, Tanishq"]
[Black "Cheng, Adrien"]
[Result "0-1"]
[WhiteElo "1523"]
[BlackElo "1551"]
[PlyCount "64"]
[EventDate "2023.07.06"]
[EventType "swiss"]
[EventRounds "8"]
[EventCountry "CAN"]

1. d4 Nf6 2. Bf4 g6 3. Nc3 d6 4. e4 Bg7 5. Qd2 O-O 6. O-O-O c6 7. Bh6 b5 8.
Bxg7 Kxg7 9. Bd3 e5 10. dxe5 dxe5 11. f3 Be6 12. Kb1 Qa5 13. a3 Nbd7 14. Na2
Qb6 15. g4 a5 16. c3 b4 17. cxb4 Bxa2+ 18. Kxa2 axb4 19. Qc2 Rfb8 20. Qc4 bxa3
21. b3 Nc5 22. Bc2 Na6 23. Rb1 Nb4+ 24. Ka1 Qd4+ 25. Qxd4 Nxc2+ 26. Ka2 Nxd4
27. Nh3 Nxf3 28. g5 Nxe4 29. Rbf1 Nfd2 30. Rc1 Rxb3 31. Rxc6 Rb2+ 32. Ka1 Nb3#
0-1

[Event "CAN-ch U20 U1800"]
[Site "Toronto CAN"]
[Date "2023.07.09"]
[Round "8.14"]
[White "Deepak, Laksshana"]
[Black "De Costa, Benjamin"]
[Result "1-0"]
[WhiteElo "1665"]
[BlackElo "1492"]
[PlyCount "63"]
[EventDate "2023.07.06"]
[EventType "swiss"]
[EventRounds "8"]
[EventCountry "CAN"]

1. e4 c6 2. Nc3 d5 3. Nf3 dxe4 4. Nxe4 Nf6 5. Qe2 Nxe4 6. Qxe4 Qd5 7. Qe3 Bf5
8. d3 g6 9. Be2 Bg7 10. O-O e6 11. c4 Qd8 12. d4 O-O 13. b3 Qc7 14. Nh4 c5 15.
Bb2 Nc6 16. g4 Bxd4 17. Bxd4 cxd4 18. Qd2 Qe7 19. Ng2 e5 20. gxf5 gxf5 21. Qh6
Qe6 22. Qh3 Kh8 23. Kh1 Rg8 24. Rg1 e4 25. Qh4 d3 26. Bh5 Ne5 27. Qf4 Ng4 28.
Nh4 Qh6 29. Rxg4 Qxh5 30. Qe5+ f6 31. Qxf6+ Rg7 32. Qxg7# 1-0

[Event "CAN-ch U20 U1800"]
[Site "Toronto CAN"]
[Date "2023.07.09"]
[Round "8.15"]
[White "Wu, Ting En Ryan"]
[Black "Chunchu, Ashwin"]
[Result "0-1"]
[WhiteElo "1535"]
[BlackElo "1381"]
[PlyCount "118"]
[EventDate "2023.07.06"]
[EventType "swiss"]
[EventRounds "8"]
[EventCountry "CAN"]

1. e4 g6 2. d4 Bg7 3. Nf3 d6 4. c3 Nf6 5. Bd3 O-O 6. Bf4 h6 7. O-O Nbd7 8. h3
e5 9. Bh2 exd4 10. cxd4 Re8 11. Re1 b6 12. Nc3 Bb7 13. Rc1 a6 14. a4 Qe7 15. b4
Nf8 16. Qb3 Ne6 17. d5 Ng5 18. Nxg5 hxg5 19. Kf1 Nd7 20. Ne2 Rac8 21. a5 b5 22.
Bg3 Ne5 23. Nd4 c5 24. dxc6 Nxc6 25. Nxc6 Bxc6 26. f3 Be5 27. Bf2 Qb7 28. g3
Bd7 29. Kg2 Be6 30. Qd1 Bc3 31. Rxc3 Rxc3 32. Bd4 Ra3 33. f4 Bf5 34. Kf3 Bxe4+
35. Kf2 Qd5 36. Bb1 Re6 37. Bb2 Rf3+ 38. Kg1 Rxg3+ 39. Kf2 Rg2+ 40. Kf1 Qxd1
41. Rxd1 Rxb2 42. Bxe4 Rxe4 43. Rxd6 Rxf4+ 44. Ke1 Rfxb4 45. Rxa6 Ra4 46. Ra8+
Kg7 47. Rd8 Ra1+ 48. Rd1 Rxd1+ 49. Kxd1 Ra2 50. a6 Rxa6 51. h4 gxh4 52. Kc2 Ra3
53. Kb2 b4 54. Kc2 h3 55. Kb2 h2 56. Kc2 h1=Q 57. Kb2 Rg3 58. Ka2 Qh2+ 59. Ka1
Rg1# 0-1

[Event "CAN-ch U20 U1800"]
[Site "Toronto CAN"]
[Date "2023.07.09"]
[Round "8.16"]
[White "Lin, Austin"]
[Black "Murali, Dhruv"]
[Result "1/2-1/2"]
[WhiteElo "1401"]
[BlackElo "1614"]
[PlyCount "66"]
[EventDate "2023.07.06"]
[EventType "swiss"]
[EventRounds "8"]
[EventCountry "CAN"]

1. e4 g6 2. c3 Bg7 3. d4 d6 4. Nf3 Nc6 5. Bc4 e5 6. O-O Bd7 7. a3 Nf6 8. Re1
O-O 9. Nbd2 Bg4 10. d5 Nb8 11. h3 Bxf3 12. Nxf3 Nbd7 13. b4 a6 14. Bb2 b5 15.
Bb3 Nb6 16. Qd3 Qd7 17. Rac1 Ne8 18. Nd2 Bh6 19. Rc2 f5 20. f3 Bxd2 21. Rxd2 f4
22. Rc1 Rf7 23. c4 bxc4 24. Bxc4 Nxc4 25. Rxc4 Qb5 26. Qb3 a5 27. a4 Qb6+ 28.
Kh2 axb4 29. Rxb4 Qa7 30. Bc3 g5 31. Ra2 h5 32. Rb7 Qa6 33. Qb5 Qxb5 1/2-1/2

[Event "CAN-ch U20 U1800"]
[Site "Toronto CAN"]
[Date "2023.07.09"]
[Round "8.17"]
[White "Fu, Odyssey"]
[Black "Chen, Vincent"]
[Result "1-0"]
[WhiteElo "1395"]
[BlackElo "1571"]
[PlyCount "103"]
[EventDate "2023.07.06"]
[EventType "swiss"]
[EventRounds "8"]
[EventCountry "CAN"]

1. e4 c6 2. d4 d5 3. Nc3 dxe4 4. Nxe4 Nd7 5. Nf3 Ngf6 6. Ng3 Qc7 7. h3 e6 8.
Bd3 Bd6 9. Ne4 Nxe4 10. Bxe4 Nf6 11. Bd3 b5 12. Bg5 Nd5 13. c3 O-O 14. Qc2 h6
15. Bd2 a5 16. O-O Ba6 17. a3 c5 18. dxc5 Qxc5 19. Rfe1 Rfc8 20. Qc1 Bf8 21.
Ne5 Nf6 22. Qc2 b4 23. Bxa6 b3 24. Qd3 Rd8 25. Qe2 Rxa6 26. Qxa6 Rxd2 27. Re2
Ne4 28. Rxd2 Nxd2 29. Nd7 Qc7 30. Nxf8 Kxf8 31. Rd1 Nc4 32. Qb5 Nxb2 33. Rd7
Qc8 34. Ra7 Qd8 35. Qh5 Qd1+ 36. Qxd1 Nxd1 37. Rxa5 Nxc3 38. Ra8+ Ke7 39. Rb8
Ne2+ 40. Kf1 Nd4 41. Rb4 e5 42. Rb6 Kd7 43. a4 Kc7 44. a5 Nc6 45. Rb5 Nd4 46.
Rb6 Nc6 47. Rxb3 Nxa5 48. Rf3 f6 49. Rg3 g5 50. Rf3 Nc4 51. Rxf6 Nd2+ 52. Ke2
1-0

[Event "CAN-ch U20 U1800"]
[Site "Toronto CAN"]
[Date "2023.07.09"]
[Round "8.18"]
[White "Pollitt, Henry"]
[Black "Xie, Irene"]
[Result "1/2-1/2"]
[WhiteElo "1392"]
[BlackElo "1782"]
[PlyCount "83"]
[EventDate "2023.07.06"]
[EventType "swiss"]
[EventRounds "8"]
[EventCountry "CAN"]

1. e4 e6 2. d4 d5 3. Nc3 dxe4 4. Nxe4 Bd7 5. Nf3 Bc6 6. Bd3 Nd7 7. O-O Ngf6 8.
Re1 Be7 9. c3 O-O 10. Bf4 Re8 11. Nxf6+ Bxf6 12. Be5 Be7 13. Bg3 Bd6 14. Be4
Bxe4 15. Rxe4 Nf6 16. Re1 Be7 17. Qb3 Qc8 18. Rad1 c6 19. Ne5 Nh5 20. Nd3 Nxg3
21. hxg3 Qc7 22. Nc5 Bxc5 23. dxc5 Rad8 24. Qb4 a6 25. Rd6 Rd7 26. Red1 Rde7
27. Qb6 Qxb6 28. cxb6 f5 29. b4 Kf7 30. c4 e5 31. Kf1 e4 32. Ke2 Re5 33. c5 a5
34. Rd7+ R5e7 35. a3 axb4 36. axb4 Ra8 37. R1d2 Ra3 38. Rc7 Ke8 39. Rc8+ Kf7
40. Rc7 Ke8 41. Rc8+ Kf7 42. Rc7 1/2-1/2

[Event "CAN-ch U20 U1800"]
[Site "Toronto CAN"]
[Date "2023.07.09"]
[Round "8.19"]
[White "Chen, Shuang"]
[Black "Guliyev, Nadir"]
[Result "0-1"]
[WhiteElo "1640"]
[BlackElo "1559"]
[PlyCount "94"]
[EventDate "2023.07.06"]
[EventType "swiss"]
[EventRounds "8"]
[EventCountry "CAN"]

1. e4 c6 2. d4 d5 3. exd5 cxd5 4. Bd3 Nc6 5. c3 Nf6 6. Bf4 Bg4 7. Nf3 e6 8.
Nbd2 Be7 9. O-O O-O 10. Re1 Qd7 11. Rc1 Rac8 12. h3 Bh5 13. Qb3 a6 14. a4 Bd8
15. Qa2 Bc7 16. Bxc7 Rxc7 17. b4 Rfc8 18. b5 Na5 19. Ne5 Qd6 20. Qb2 Nd7 21.
Qb1 Bg6 22. Bxg6 hxg6 23. Qd3 Nxe5 24. dxe5 Qb6 25. Rc2 Nc4 26. Nxc4 Rxc4 27.
Rb1 Rxa4 28. Rcb2 a5 29. Rb3 Rac4 30. Ra1 a4 31. Rba3 Qxb5 32. Rxa4 Rxa4 33.
Qxb5 Rxa1+ 34. Kh2 Rc1 35. Qxb7 R1xc3 36. Qd7 R3c4 37. f3 R4c7 38. Qd6 Ra7 39.
g4 Raa8 40. Qd7 Rd8 41. Qc7 d4 42. Qc2 d3 43. Qd1 d2 44. Kg2 Rac8 45. Kf2 Rc1
46. Ke2 Rxd1 47. Kxd1 f6 0-1

[Event "CAN-ch U20 U1800"]
[Site "Toronto CAN"]
[Date "2023.07.09"]
[Round "8.20"]
[White "Bi, William"]
[Black "Tang, Gideon"]
[Result "0-1"]
[WhiteElo "1626"]
[BlackElo "1677"]
[PlyCount "102"]
[EventDate "2023.07.06"]
[EventType "swiss"]
[EventRounds "8"]
[EventCountry "CAN"]

1. e4 c6 2. d4 d5 3. exd5 cxd5 4. c4 Nf6 5. Nc3 Nc6 6. Nf3 e6 7. a3 Bd6 8. Bd3
O-O 9. O-O h6 10. Re1 Re8 11. h3 dxc4 12. Bxc4 Ne7 13. Qb3 Kf8 14. Ne4 Nxe4 15.
Rxe4 b6 16. Ne5 Bb7 17. Re1 Nc6 18. Nxc6 Bxc6 19. Bb5 Bxb5 20. Qxb5 Re7 21. Qd3
Kg8 22. Bd2 Rd7 23. Bc3 Be7 24. Rad1 Bf6 25. Qe4 Rd5 26. Qf3 Rc8 27. Re4 Rc7
28. Qe3 Rcd7 29. f4 g6 30. g4 Bg7 31. f5 gxf5 32. gxf5 Rxf5 33. Rg4 Rg5 34.
Rxg5 Qxg5+ 35. Qxg5 hxg5 36. Kf2 f5 37. Ke3 Kf7 38. a4 Rd5 39. b4 e5 40. Rd2
exd4+ 41. Bxd4 Bxd4+ 42. Rxd4 Rxd4 43. Kxd4 Ke6 44. Ke3 a6 45. Ke2 Kd5 46. Kd3
f4 47. Ke2 Kc4 48. a5 b5 49. Kf3 Kxb4 50. Kg4 Kxa5 51. Kxg5 f3 0-1

[Event "CAN-ch Univeristies"]
[Site "Ottawa CAN"]
[Date "2023.01.28"]
[Round "1"]
[White "Azar, Sebastien"]
[Black "Zhao, Ian"]
[Result "0-1"]
[WhiteElo "2077"]
[BlackElo "2400"]
[PlyCount "79"]
[EventDate "2023.01.27"]
[EventType "swiss"]
[EventRounds "5"]
[EventCountry "CAN"]

1. e4 e5 2. Nf3 Nc6 3. d4 exd4 4. Nxd4 Bc5 5. Be3 Qf6 6. c3 Nge7 7. Bb5 a6 8.
Ba4 b5 9. Bc2 d6 10. O-O Ne5 11. a4 b4 12. cxb4 Bxb4 13. Nc3 O-O 14. Bb3 Rb8
15. Nd5 Nxd5 16. exd5 Bg4 17. Qc2 Bc5 18. Qc3 Rfe8 19. Bd1 Qg6 20. Bxg4 Nxg4
21. h3 Nxe3 22. fxe3 Qg5 23. Rf3 Qxd5 24. Nf5 Qe5 25. Qc4 Qe6 26. Qxa6 Rxb2 27.
Raf1 Rb3 28. Rg3 g6 29. Qc6 Kh8 30. Nh4 Rxe3 31. Rxe3 Qxe3+ 32. Kh1 Qe2 33. Rb1
Qe4 34. Qxe4 Rxe4 35. Nf3 Rxa4 36. Re1 Kg7 37. Re7 Bb6 38. Kh2 Kf6 39. Rd7 Ra8
40. Ng1 0-1

[Event "CAN-ch Univeristies"]
[Site "Ottawa CAN"]
[Date "2023.01.28"]
[Round "1"]
[White "Byl, Oliver"]
[Black "Li, William"]
[Result "0-1"]
[WhiteElo "1614"]
[BlackElo "2275"]
[PlyCount "110"]
[EventDate "2023.01.27"]
[EventType "swiss"]
[EventRounds "5"]
[EventCountry "CAN"]

1. e4 g6 2. d4 Nf6 3. Nc3 d5 4. exd5 Nxd5 5. Nxd5 Qxd5 6. Be3 Bg7 7. c3 O-O 8.
Nf3 b6 9. Qb3 Qd6 10. Be2 Bb7 11. O-O Nd7 12. Rad1 e6 13. Qb5 h6 14. Rfe1 a6
15. Qd3 Rfd8 16. Qd2 Qf8 17. Qc2 c5 18. dxc5 Nxc5 19. Rxd8 Rxd8 20. Rd1 Be4 21.
Qc1 Bd5 22. c4 Bxf3 23. Bxf3 Nd3 24. Qb1 Nxb2 25. Rxd8 Qxd8 26. Bxh6 Nxc4 27.
Bxg7 Kxg7 28. g3 Qd4 29. Be2 b5 30. Qc2 Nd2 31. Qd3 Qxd3 32. Bxd3 Nf3+ 33. Kh1
f5 34. Be2 Nd4 35. Bd3 e5 36. h3 e4 37. Bf1 Nc2 38. Be2 Nb4 39. a3 Nc2 40. a4
bxa4 41. Bxa6 a3 42. Bc4 Nb4 43. Kg2 a2 44. Bxa2 Nxa2 45. f3 e3 46. Kf1 Nc3 47.
f4 Kh6 48. Kg2 g5 49. fxg5+ Kxg5 50. Kf3 e2 51. Kf2 f4 52. h4+ Kg4 53. gxf4
Kxf4 54. h5 Kg5 55. Ke1 Kxh5 0-1

[Event "CAN-ch Univeristies"]
[Site "Ottawa CAN"]
[Date "2023.01.28"]
[Round "1"]
[White "Chen, Richard"]
[Black "Mahdjoubi, Abdelaziz"]
[Result "1-0"]
[WhiteElo "2344"]
[BlackElo "1840"]
[PlyCount "97"]
[EventDate "2023.01.27"]
[EventType "swiss"]
[EventRounds "5"]
[EventCountry "CAN"]

1. e4 e5 2. Nf3 Nc6 3. Bc4 Nf6 4. d3 h6 5. c3 d6 6. Nbd2 Bd7 7. b4 g5 8. Nb3
Bg7 9. a4 Qe7 10. b5 Nd8 11. Ba3 a6 12. bxa6 Bxa4 13. Bxd6 Qxd6 14. axb7 Nxb7
15. Rxa4 Rxa4 16. Bb5+ Nd7 17. Bxa4 O-O 18. Bxd7 Qxd7 19. O-O Rd8 20. Nc1 Nc5
21. Qc2 Qb5 22. Rd1 Ne6 23. Ne2 c5 24. c4 Qd7 25. h3 h5 26. Ng3 g4 27. hxg4
hxg4 28. Nh2 Nd4 29. Qd2 f6 30. Qa5 Rc8 31. Rb1 Bh6 32. Qa6 Rc6 33. Qa8+ Rc8
34. Qd5+ Qxd5 35. cxd5 f5 36. Nxf5 Nxf5 37. exf5 g3 38. fxg3 Be3+ 39. Kf1 e4
40. Ke2 Bg5 41. dxe4 c4 42. Nf3 Bh6 43. Kd1 c3 44. Kc2 Kf7 45. e5 Rc5 46. Rb7+
Ke8 47. d6 Bf8 48. Rb8+ Kf7 49. d7 1-0

[Event "CAN-ch Univeristies"]
[Site "Ottawa CAN"]
[Date "2023.01.28"]
[Round "1"]
[White "Li, Yunshan"]
[Black "Hakim, Bassel"]
[Result "1/2-1/2"]
[WhiteElo "2401"]
[BlackElo "2068"]
[PlyCount "67"]
[EventDate "2023.01.27"]
[EventType "swiss"]
[EventRounds "5"]
[EventCountry "CAN"]

1. d4 Nf6 2. c4 g6 3. Nc3 Bg7 4. e4 d6 5. Nf3 Nbd7 6. Be2 O-O 7. O-O e5 8. Be3
h6 9. h3 Re8 10. dxe5 dxe5 11. c5 c6 12. b4 Qe7 13. Qa4 Nf8 14. b5 Bd7 15. Rfd1
Red8 16. bxc6 Bxc6 17. Bb5 Qc7 18. Rac1 Ne6 19. Rxd8+ Rxd8 20. Qc4 Nd4 21. Bxc6
bxc6 22. Rb1 Nxf3+ 23. gxf3 Nh5 24. Qa6 Qe7 25. Qxc6 Qh4 26. Qc7 Rf8 27. Kg2
Nf4+ 28. Bxf4 exf4 29. Ne2 Qg5+ 30. Kf1 Be5 31. Qxa7 Qh5 32. Kg2 Qg5+ 33. Kf1
Qh5 34. Kg2 1/2-1/2

[Event "CAN-ch Univeristies"]
[Site "Ottawa CAN"]
[Date "2023.01.28"]
[Round "1"]
[White "Ma, Derek"]
[Black "Capello, Jordan"]
[Result "1-0"]
[WhiteElo "2207"]
[BlackElo "1856"]
[PlyCount "109"]
[EventDate "2023.01.27"]
[EventType "swiss"]
[EventRounds "5"]
[EventCountry "CAN"]

1. e4 e5 2. Bc4 Nc6 3. Nf3 Bc5 4. c3 Nf6 5. d3 d6 6. O-O h6 7. Re1 Bg4 8. Nbd2
Qd7 9. b4 Bb6 10. Nf1 O-O 11. h3 Be6 12. Bb3 a5 13. b5 Ne7 14. a4 c6 15. bxc6
bxc6 16. Rb1 Rab8 17. d4 Ng6 18. Ba3 Rfe8 19. dxe5 Bxb3 20. Rxb3 dxe5 21. Qxd7
Nxd7 22. Reb1 Ba7 23. Rb7 Bc5 24. Rxb8 Bxf2+ 25. Kxf2 Nxb8 26. Bd6 Nd7 27. N1d2
Nf6 28. Rb8 Rxb8 29. Bxb8 Nd7 30. Ba7 Nf4 31. Nc4 f6 32. Nxa5 c5 33. Nb7 Kf7
34. g3 Nd3+ 35. Ke3 Nb2 36. Nxc5 Nxc5 37. Bxc5 Nxa4 38. Bb4 Nb6 39. Kd3 Ke6 40.
Nh4 h5 41. c4 Nc8 42. c5 Na7 43. Kc4 Kd7 44. Nf5 g6 45. Ne3 Ke6 46. Nd5 f5 47.
exf5+ gxf5 48. Nc7+ Kd7 49. Nb5 Nc6 50. Bc3 Ke6 51. Nd6 h4 52. gxh4 f4 53. h5
f3 54. Be1 Kf6 55. Bh4+ 1-0

[Event "CAN-ch Univeristies"]
[Site "Ottawa CAN"]
[Date "2023.01.28"]
[Round "1"]
[White "Zhao, Yue Tong"]
[Black "Zomorrodian, Eilia"]
[Result "1-0"]
[WhiteElo "2055"]
[BlackElo "2259"]
[PlyCount "61"]
[EventDate "2023.01.27"]
[EventType "swiss"]
[EventRounds "5"]
[EventCountry "CAN"]

1. e4 c5 2. Nf3 e6 3. g3 Nf6 4. Qe2 d6 5. Bg2 Be7 6. c3 Nc6 7. O-O O-O 8. d4
cxd4 9. cxd4 Qb6 10. Rd1 d5 11. e5 Ne4 12. Nc3 Nxc3 13. bxc3 Na5 14. a4 Bd7 15.
Bf4 Rfc8 16. Rd3 Qd8 17. h4 b5 18. Ng5 bxa4 19. Qh5 Bxg5 20. hxg5 Qf8 21. g4 g6
22. Qh1 Rab8 23. Rh3 Qg7 24. Bxd5 exd5 25. e6 fxe6 26. Be5 Qf7 27. Rf3 Qe7 28.
Bf6 Qf8 29. Be5 Qe8 30. Qxh7+ Kxh7 31. Kg2 1-0

[Event "CAN-ch Univeristies"]
[Site "Ottawa CAN"]
[Date "2023.01.28"]
[Round "2"]
[White "Li, William"]
[Black "Zaka, Mohid"]
[Result "1/2-1/2"]
[WhiteElo "2275"]
[BlackElo "1707"]
[PlyCount "59"]
[EventDate "2023.01.27"]
[EventType "swiss"]
[EventRounds "5"]
[EventCountry "CAN"]

1. a3 a6 2. d4 e6 3. e4 d5 4. Nc3 dxe4 5. Nxe4 Be7 6. Nf3 b6 7. Bd3 Bb7 8. Ne5
Nf6 9. Qf3 Ra7 10. Bg5 Bxe4 11. Bxe4 Qxd4 12. Bxf6 gxf6 13. Nc6 Nxc6 14. Bxc6+
Kf8 15. O-O Bd6 16. Rad1 Qxb2 17. c3 f5 18. Rfe1 Qxa3 19. Qe3 h6 20. Qd4 Rg8
21. Rxe6 Be7 22. Rxh6 Qc5 23. Qd7 Kg7 24. Rd5 Qxc3 25. Rh7+ Kxh7 26. Qxf5+ Kg7
27. Qg4+ Kf8 28. Qc8+ Kg7 29. Qg4+ Kf8 30. Qc8+ 1/2-1/2

[Event "CAN-ch Univeristies"]
[Site "Ottawa CAN"]
[Date "2023.01.28"]
[Round "2"]
[White "Washimkar, Arhant"]
[Black "Chen, Richard"]
[Result "0-1"]
[WhiteElo "1865"]
[BlackElo "2344"]
[PlyCount "67"]
[EventDate "2023.01.27"]
[EventType "swiss"]
[EventRounds "5"]
[EventCountry "CAN"]

1. e4 c5 2. Nf3 e6 3. c3 Nf6 4. Bd3 Nc6 5. Bc2 Be7 6. O-O d6 7. Re1 b5 8. a3 e5
9. d3 O-O 10. Nbd2 Re8 11. Nf1 h6 12. h3 Bf8 13. d4 cxd4 14. cxd4 Bb7 15. b3
exd4 16. Nxd4 Nxd4 17. Qxd4 Qc7 18. Bd3 Qc5 19. Qxc5 dxc5 20. e5 a6 21. Bxh6
gxh6 22. exf6 Bd5 23. Nd2 Rxe1+ 24. Rxe1 Rd8 25. Re3 Bd6 26. Ne4 Bf4 27. Re1
Re8 28. g3 Bb8 29. Kf1 Ba7 30. Nd2 Bg2+ 31. Kxg2 Rxe1 32. Kf3 Ra1 33. Kg4 Rd1
34. Bf1 0-1

[Event "CAN-ch Univeristies"]
[Site "Ottawa CAN"]
[Date "2023.01.28"]
[Round "2"]
[White "Zhang, Hou Han"]
[Black "Ma, Derek"]
[Result "0-1"]
[WhiteElo "1776"]
[BlackElo "2207"]
[PlyCount "92"]
[EventDate "2023.01.27"]
[EventType "swiss"]
[EventRounds "5"]
[EventCountry "CAN"]

1. Nf3 f5 2. g3 Nf6 3. Bg2 g6 4. O-O Bg7 5. c4 O-O 6. Nc3 d6 7. d3 e5 8. Bg5 h6
9. Bxf6 Qxf6 10. Nd2 c6 11. e3 Na6 12. a3 Be6 13. Rb1 Rad8 14. b4 d5 15. cxd5
cxd5 16. Na4 b6 17. b5 Nc5 18. Nxc5 bxc5 19. Qc2 Rc8 20. b6 axb6 21. Rxb6 e4
22. Rfb1 Rfe8 23. dxe4 fxe4 24. Bh3 Qe5 25. Bxe6+ Rxe6 26. Qa4 Rxb6 27. Rxb6
Qf5 28. Qc2 Rf8 29. Nb3 c4 30. Nc5 Rf7 31. a4 d4 32. Nxe4 dxe3 33. f4 Bd4 34.
Rb8+ Kg7 35. Kg2 Re7 36. Kf3 e2 37. Rb1 Qxe4+ 38. Qxe4 Rxe4 39. Kxe4 Bf2 40. a5
e1=Q+ 41. Rxe1 Bxe1 42. Kd4 Bxa5 43. Kxc4 Bb6 44. Kd5 Bg1 45. Ke6 Bxh2 46. f5
Bxg3 0-1

[Event "CAN-ch Univeristies"]
[Site "Ottawa CAN"]
[Date "2023.01.28"]
[Round "2"]
[White "Zhao, Ian"]
[Black "Xu, Jeffrey"]
[Result "1-0"]
[WhiteElo "2400"]
[BlackElo "2263"]
[PlyCount "87"]
[EventDate "2023.01.27"]
[EventType "swiss"]
[EventRounds "5"]
[EventCountry "CAN"]

1. e4 e6 2. d4 d5 3. Nd2 Be7 4. e5 c5 5. c3 Nc6 6. Bd3 Qb6 7. Ndf3 Bd7 8. Ne2
Rc8 9. O-O cxd4 10. Nexd4 a6 11. Qe2 Qc7 12. Nb3 Bd8 13. h4 Nge7 14. h5 h6 15.
Bf4 Na5 16. g4 Nc4 17. Rfe1 Qb6 18. Bg3 a5 19. Rab1 a4 20. Nbd4 Qc5 21. Nd2
Nxd2 22. Qxd2 a3 23. Rbc1 axb2 24. Qxb2 Bc6 25. f4 Qa5 26. f5 Kd7 27. Rf1 Bb6
28. fxe6+ fxe6 29. Rf7 Rcf8 30. Rcf1 Rxf7 31. Rxf7 Bxd4+ 32. cxd4 Ke8 33. Rxg7
Kf8 34. Qf2+ Kxg7 35. Qf6+ Kg8 36. Bg6 Nxg6 37. hxg6 Qc7 38. Qxe6+ Kg7 39. Bh4
Qd7 40. Qf6+ Kg8 41. e6 Qe8 42. e7 Rh7 43. Qf8+ Qxf8 44. gxh7+ 1-0

[Event "CAN-ch Univeristies"]
[Site "Ottawa CAN"]
[Date "2023.01.28"]
[Round "2"]
[White "Zomorrodian, Eilia"]
[Black "Tinica, Gabriel"]
[Result "1-0"]
[WhiteElo "2259"]
[BlackElo "2050"]
[PlyCount "81"]
[EventDate "2023.01.27"]
[EventType "swiss"]
[EventRounds "5"]
[EventCountry "CAN"]

1. e4 c5 2. Nf3 Nc6 3. Bb5 Nf6 4. Bxc6 dxc6 5. d3 g6 6. O-O Bg7 7. h3 O-O 8.
Be3 b6 9. a4 a5 10. Nc3 Ne8 11. Qc1 Nc7 12. Ne2 Ne6 13. Bh6 Ba6 14. Bxg7 Kxg7
15. b3 b5 16. Qb2+ Kg8 17. Ne5 Qc7 18. f4 Rad8 19. Qc3 f6 20. axb5 cxb5 21.
Qxa5 Qxa5 22. Rxa5 fxe5 23. Rxa6 Nxf4 24. Nxf4 exf4 25. Rc6 Rc8 26. Rxc8 Rxc8
27. Rxf4 c4 28. dxc4 bxc4 29. b4 Rb8 30. c3 Kg7 31. e5 Rc8 32. e6 Rc7 33. Kf2
Ra7 34. Rxc4 Kf6 35. Rc6 Ke5 36. b5 Ra2+ 37. Kg3 Rb2 38. c4 g5 39. b6 Kf6 40.
c5 h5 41. Rc7 1-0

[Event "CAN-ch Univeristies"]
[Site "Ottawa CAN"]
[Date "2023.01.28"]
[Round "3"]
[White "Chen, Richard"]
[Black "Ramesh, Sanjay"]
[Result "0-1"]
[WhiteElo "2344"]
[BlackElo "2050"]
[PlyCount "68"]
[EventDate "2023.01.27"]
[EventType "swiss"]
[EventRounds "5"]
[EventCountry "CAN"]

1. e4 c6 2. d4 d5 3. e5 Bf5 4. h4 h5 5. Bd3 Bxd3 6. Qxd3 e6 7. Bg5 Qb6 8. Nd2
c5 9. c4 cxd4 10. cxd5 Nd7 11. Nc4 Qa6 12. Qxd4 Bb4+ 13. Bd2 Bc5 14. Qe4 exd5
15. Qxd5 Ne7 16. Nd6+ Bxd6 17. Qxd6 Qb5 18. Rc1 Nxe5 19. a4 Nd3+ 20. Kf1 Qf5
21. Qd4 Nxc1 22. Bxc1 Rd8 23. Qc3 Rd1+ 24. Ke2 Qg4+ 25. f3 Qxg2+ 26. Kxd1 Qxh1
27. Qe3 O-O 28. Kc2 Qg2+ 29. Kb1 Rc8 30. Ne2 Nd5 31. Qd2 Qxf3 32. Ka2 Qe4 33.
Qd1 Nb4+ 34. Ka3 Nc2+ 0-1

[Event "CAN-ch Univeristies"]
[Site "Ottawa CAN"]
[Date "2023.01.28"]
[Round "3"]
[White "Li, Yunshan"]
[Black "Xu, Jeffrey"]
[Result "1-0"]
[WhiteElo "2401"]
[BlackElo "2263"]
[PlyCount "71"]
[EventDate "2023.01.27"]
[EventType "swiss"]
[EventRounds "5"]
[EventCountry "CAN"]

1. d4 Nf6 2. c4 c5 3. d5 e6 4. Nc3 exd5 5. cxd5 Bd6 6. Nf3 O-O 7. e3 Re8 8. Bd3
Bc7 9. O-O d6 10. h3 Nbd7 11. e4 a6 12. a4 Nf8 13. Nd2 Ng6 14. f4 Rb8 15. Nf3
Nd7 16. Re1 Ba5 17. e5 dxe5 18. Bxg6 hxg6 19. fxe5 Nb6 20. Bg5 Qc7 21. e6 fxe6
22. d6 Qf7 23. Ne5 Qf5 24. h4 Rf8 25. d7 Bxd7 26. Nxd7 Qf2+ 27. Kh1 Nxd7 28.
Qxd7 Qxb2 29. Qxe6+ Kh8 30. Nd5 Bxe1 31. Rxe1 Qb3 32. Qd6 Qd3 33. Qxc5 Rf5 34.
Qc7 Rbf8 35. Nf4 Qg3 36. Nxg6+ 1-0

[Event "CAN-ch Univeristies"]
[Site "Ottawa CAN"]
[Date "2023.01.28"]
[Round "3"]
[White "Ma, Derek"]
[Black "Zaka, Mohid"]
[Result "1-0"]
[WhiteElo "2207"]
[BlackElo "1707"]
[PlyCount "95"]
[EventDate "2023.01.27"]
[EventType "swiss"]
[EventRounds "5"]
[EventCountry "CAN"]

1. e4 c6 2. d4 d5 3. e5 Bf5 4. h4 h5 5. c4 e6 6. Nc3 Be7 7. Nf3 Nh6 8. cxd5
cxd5 9. Bg5 f6 10. Bf4 Nc6 11. Qd2 Qa5 12. exf6 Bxf6 13. Bb5 Rc8 14. O-O Kf7
15. Rfe1 a6 16. Be2 Ng8 17. Rac1 Nge7 18. a3 Bg4 19. b4 Qd8 20. b5 Na5 21. Ng5+
Bxg5 22. Bxg4 hxg4 23. Bxg5 Qd6 24. Bxe7 Kxe7 25. Qg5+ Kf7 26. bxa6 bxa6 27.
Ne2 Rxc1 28. Rxc1 Nc4 29. Nf4 Rh6 30. Rb1 Qc7 31. Qxg4 Nxa3 32. Nh5 Kg8 33. Rb3
Qf7 34. Nf4 Nb5 35. h5 Rf6 36. g3 Kh7 37. Nh3 Kh6 38. Qg5+ Kh7 39. Qe5 Kh6 40.
g4 g5 41. Qxg5+ Kh7 42. Qe5 Kg8 43. Rg3 Nc7 44. g5 Rf5 45. g6 Qg7 46. Qxg7+
Kxg7 47. h6+ Kg8 48. Rc3 1-0

[Event "CAN-ch Univeristies"]
[Site "Ottawa CAN"]
[Date "2023.01.28"]
[Round "3"]
[White "Peterson, Caleb"]
[Black "Zhao, Ian"]
[Result "1/2-1/2"]
[WhiteElo "2081"]
[BlackElo "2400"]
[PlyCount "81"]
[EventDate "2023.01.27"]
[EventType "swiss"]
[EventRounds "5"]
[EventCountry "CAN"]

1. e4 e5 2. Nf3 Nc6 3. d4 exd4 4. c3 d5 5. exd5 Qxd5 6. cxd4 Bg4 7. Be2 O-O-O
8. Nc3 Qa5 9. Be3 Nf6 10. O-O Bc5 11. Ng5 Bxe2 12. Qxe2 Nxd4 13. Qc4 Rhe8 14.
Nxf7 Rd7 15. Rad1 Ne6 16. Nb5 Qb6 17. Bxc5 Nxc5 18. Rxd7 Nfxd7 19. b4 Ne4 20.
Rc1 Qxf2+ 21. Kh1 Qb6 22. Qxc7+ Qxc7 23. Nxc7 Nf2+ 24. Kg1 Nd3 25. Nd6+ Kb8 26.
Rd1 Re5 27. Nce8 Rd5 28. b5 g6 29. h3 h5 30. Rf1 N3e5 31. Kh2 b6 32. Kg3 a6 33.
bxa6 Rd3+ 34. Kf4 Ra3 35. Ra1 Rxa6 36. a4 Nd3+ 37. Kg5 N7e5 38. Rb1 Ka7 39. Ra1
Kb8 40. Rb1 Ka7 41. Ra1 1/2-1/2

[Event "CAN-ch Univeristies"]
[Site "Ottawa CAN"]
[Date "2023.01.28"]
[Round "3"]
[White "Qian, Lanting"]
[Black "Li, William"]
[Result "0-1"]
[WhiteElo "1961"]
[BlackElo "2275"]
[PlyCount "88"]
[EventDate "2023.01.27"]
[EventType "swiss"]
[EventRounds "5"]
[EventCountry "CAN"]

1. e4 g6 2. Nf3 Nf6 3. e5 Nh5 4. Nc3 d6 5. d4 Nc6 6. Bb5 Bd7 7. e6 fxe6 8. Bg5
Bg7 9. Qd2 O-O 10. O-O-O a6 11. Be2 b5 12. Bh6 Nf6 13. Bxg7 Kxg7 14. Bd3 Nb4
15. h4 Nxd3+ 16. cxd3 Nh5 17. Ng5 h6 18. g4 Nf4 19. Nh3 Nxh3 20. Rxh3 e5 21.
Rg3 exd4 22. Ne4 Bc6 23. f4 Bxe4 24. dxe4 e5 25. f5 Qxh4 26. Qg2 Qg5+ 27. Kb1
c5 28. Rh1 Rf6 29. Rh5 gxh5 30. gxh5 Qxg3 31. Qxg3+ Kh7 32. Qa3 c4 33. Qa5 Rf7
34. a4 Rb7 35. axb5 Rab8 36. Qxa6 Rxb5 37. Qxd6 Rxb2+ 38. Ka1 R2b6 39. Qc7+ Kg8
40. Qxc4+ Kh8 41. Qa2 d3 42. Qa5 Rb1+ 43. Ka2 R8b2+ 44. Ka3 Ra1+ 0-1